[Event "Europa ch Femenino 2013"]
[Site "Belgrado SER"]
[Date "2013.07.25"]
[Round "3.49"]
[White "Olsarova, Karolina"]
[Black "Gjergji, Rozana"]
[Result "1-0"]
[WhiteElo "2246"]
[BlackElo "1917"]
[PlyCount "49"]
[EventDate "2013.07.23"]
[EventType "swiss"]
[EventRounds "11"]
[EventCountry "SER"]
[Source "lmi"]
[SourceDate "2013.07.22"]

1. e4 e5 2. Nf3 Nc6 3. Bb5 a6 4. Ba4 d6 5. O-O f5 6. exf5 Bxf5 7. d4 b5 8. Bb3
e4 9. Ng5 d5 10. f3 Nf6 11. fxe4 Bxe4 12. Nc3 h6 13. Ncxe4 hxg5 14. Nxg5 Bd6
15. g3 Qd7 16. Re1+ Kd8 17. a4 b4 18. c4 Kc8 19. cxd5 Ne7 20. Qf3 Kb7 21. Ne6
Neg8 22. Bf4 Nh6 23. Rac1 Rac8 24. Rc6 Bxf4 25. Nc5+ 1-0

[Event "Europa ch Femenino 2013"]
[Site "Belgrado SER"]
[Date "2013.07.25"]
[Round "3.50"]
[White "Velickovski-Nejkovic, Maja"]
[Black "Bronnikova, Elizaveta"]
[Result "0-1"]
[WhiteElo "2083"]
[BlackElo "2245"]
[PlyCount "130"]
[EventDate "2013.07.23"]
[EventType "swiss"]
[EventRounds "11"]
[EventCountry "SER"]
[Source "lmi"]
[SourceDate "2013.07.22"]

1. c4 e5 2. Nc3 Nc6 3. Nf3 g6 4. d3 Bg7 5. Rb1 d6 6. g3 f5 7. Bg2 Nf6 8. O-O
O-O 9. b4 h6 10. b5 Ne7 11. c5 Be6 12. Ba3 Ne8 13. Qc2 d5 14. c6 b6 15. Qb3 Bf7
16. Bxe7 Qxe7 17. Nxd5 Qd8 18. e4 Bxd5 19. exd5 Nd6 20. Rfe1 Re8 21. Re2 a6 22.
bxa6 Rxa6 23. Rbe1 Nf7 24. Nd2 Qd6 25. Nc4 Qc5 26. Kh1 b5 27. Nxe5 Rxe5 28.
Rxe5 Bxe5 29. d6 cxd6 30. Qe6 Kg7 31. Bd5 Ra7 32. Kg2 Bf6 33. Bf3 Re7 34. Qxe7
Bxe7 35. Rxe7 Kf6 36. d4 Qxd4 37. c7 Qc5 38. Bb7 Kxe7 39. c8=Q Qxc8 40. Bxc8 d5
41. Bb7 Kd6 42. Kf3 Ng5+ 43. Ke3 Kc5 44. h4 Ne4 45. Bc8 Nc3 46. h5 gxh5 47.
Bxf5 Nxa2 48. Bb1 Nc3 49. Bc2 b4 50. f3 Nb5 51. Bd3 Nd6 52. Bg6 Kc4 53. Kd2 b3
54. Bxh5 Kd4 55. Bg6 Nc4+ 56. Ke2 b2 57. g4 Na3 58. f4 b1=Q 59. Bxb1 Nxb1 60.
g5 hxg5 61. fxg5 Nc3+ 62. Kf3 Ne4 63. g6 Ke5 64. Ke3 Nd6 65. Kd3 Nf5 0-1

[Event "Europa ch Femenino 2013"]
[Site "Belgrado SER"]
[Date "2013.07.25"]
[Round "3.51"]
[White "Nonkovic, Bogdana"]
[Black "Stjazhkina, Olga"]
[Result "1-0"]
[WhiteElo "2081"]
[BlackElo "2243"]
[PlyCount "81"]
[EventDate "2013.07.23"]
[EventType "swiss"]
[EventRounds "11"]
[EventCountry "SER"]
[Source "lmi"]
[SourceDate "2013.07.22"]

1. d4 d5 2. c4 dxc4 3. e4 Nf6 4. e5 Nd5 5. Bxc4 Nb6 6. Bb3 Nc6 7. Ne2 Bf5 8.
Nbc3 e6 9. a3 Qd7 10. O-O O-O-O 11. Be3 f6 12. exf6 gxf6 13. Ng3 Bg6 14. Qf3
Be7 15. Rad1 Nd5 16. Nge4 Nxe3 17. fxe3 f5 18. Nf2 Bd6 19. Nd3 Qf7 20. Nf4 Bxf4
21. Qxf4 Qf6 22. Nb5 Rd7 23. Bxe6 Qxe6 24. d5 Qe7 25. dxc6 bxc6 26. Nxa7+ Kb7
27. Nxc6 Kxc6 28. Qa4+ Kb7 29. Rxd7 Qxe3+ 30. Kh1 Re8 31. Rd5 f4 32. Rb5+ Kc8
33. Qa8+ Kd7 34. Qd5+ Ke7 35. Rb7 Kf6 36. Rxc7 Re5 37. Qd6+ Kg5 38. h3 Bf5 39.
Qd8+ Kh5 40. Qd1+ Kg5 41. Rc3 1-0

[Event "Europa ch Femenino 2013"]
[Site "Belgrado SER"]
[Date "2013.07.25"]
[Round "3.52"]
[White "Styazhkina, Anna"]
[Black "Martynkova, Olena"]
[Result "1-0"]
[WhiteElo "2242"]
[BlackElo "1851"]
[PlyCount "68"]
[EventDate "2013.07.23"]
[EventType "swiss"]
[EventRounds "11"]
[EventCountry "SER"]
[Source "lmi"]
[SourceDate "2013.07.22"]

1. e4 c5 2. Nf3 e6 3. d4 cxd4 4. Nxd4 Nc6 5. Nc3 Qc7 6. g3 a6 7. Bg2 Nf6 8. O-O
Nxd4 9. Qxd4 Bc5 10. Qd3 Ng4 11. Qe2 Ne5 12. Bf4 d6 13. a4 Bd7 14. Rfd1 O-O 15.
Nb1 b5 16. a5 Nc6 17. c3 e5 18. Bd2 b4 19. cxb4 Nd4 20. Qh5 Nb3 21. bxc5 Nxa1
22. Nc3 Nb3 23. Nd5 Qxc5 24. Bb4 Qc2 25. Bxd6 Bb5 26. Nf6+ gxf6 27. Qg4+ Kh8
28. Be7 Qc6 29. Qf3 Kg7 30. Bxf8+ Rxf8 31. Qxb3 Ba4 32. Qd5 Qxd5 33. Rxd5 Rc8
34. Bf3 Rc1+ 1-0

[Event "Europa ch Femenino 2013"]
[Site "Belgrado SER"]
[Date "2013.07.25"]
[Round "3.53"]
[White "Velikic, Adela"]
[Black "Sandu, Mihaela"]
[Result "0-1"]
[WhiteElo "1992"]
[BlackElo "2237"]
[PlyCount "132"]
[EventDate "2013.07.23"]
[EventType "swiss"]
[EventRounds "11"]
[EventCountry "SER"]
[Source "lmi"]
[SourceDate "2013.07.22"]

1. e4 c5 2. Nf3 d6 3. d4 cxd4 4. Nxd4 Nf6 5. Nc3 a6 6. Be2 g6 7. O-O Bg7 8. Be3
O-O 9. f4 Nc6 10. Bf3 Bd7 11. Nd5 Rc8 12. Nxc6 Bxc6 13. Bb6 Qe8 14. Re1 Nxd5
15. exd5 Ba4 16. b3 Bxa1 17. Qxa1 Bd7 18. c4 f6 19. Qd4 Qf7 20. h3 h5 21. Kh2
Rce8 22. Ba5 Kh7 23. Qb6 Bc8 24. Bc3 Rd8 25. Qe3 Rde8 26. Qb6 Rg8 27. Be4 Kh8
28. Bd2 Qf8 29. Bf3 Qf7 30. Be4 Qf8 31. Bf3 Qg7 32. Re2 Qh7 33. Re1 Qh6 34. Qd4
Qg7 35. Re2 Bf5 36. Qb6 Bc8 37. Qd4 Qh7 38. Qb6 Rgf8 39. Bc3 Qh6 40. Qd4 Kh7
41. Bd2 Qg7 42. Qb6 Qf7 43. Re1 Rg8 44. Be4 Rg7 45. Qd4 Bf5 46. Bf3 Qf8 47. g4
hxg4 48. hxg4 Bc8 49. Kg3 Kg8 50. Bc3 Rh7 51. Be4 Qf7 52. b4 Rh6 53. Rh1 Rxh1
54. Bxh1 Qh7 55. Bg2 Kf7 56. Qf2 Rh8 57. Kf3 Qh2 58. Qg3 Qg1 59. Be1 Qd4 60.
Bf1 Rh1 61. Qf2 Bxg4+ 62. Kg2 Qxf2+ 63. Bxf2 Bf3+ 64. Kxf3 Rxf1 65. c5 Ke8 66.
a4 Rb1 0-1

[Event "Europa ch Femenino 2013"]
[Site "Belgrado SER"]
[Date "2013.07.25"]
[Round "3.54"]
[White "Serefidou, Despina"]
[Black "Kaps, Darja"]
[Result "1/2-1/2"]
[WhiteElo "1971"]
[BlackElo "2235"]
[PlyCount "82"]
[EventDate "2013.07.23"]
[EventType "swiss"]
[EventRounds "11"]
[EventCountry "SER"]
[Source "lmi"]
[SourceDate "2013.07.22"]

1. e4 c5 2. Nf3 Nc6 3. d4 cxd4 4. Nxd4 Nf6 5. Nc3 e5 6. Ndb5 d6 7. Bg5 a6 8.
Na3 b5 9. Bxf6 gxf6 10. Nd5 Bg7 11. Bd3 Be6 12. O-O Rb8 13. c4 Nd4 14. Nc2 Nxc2
15. Qxc2 O-O 16. f4 bxc4 17. Bxc4 Bxd5 18. exd5 Qb6+ 19. Rf2 Rfc8 20. b3 e4 21.
f5 Bh6 22. Kh1 Re8 23. Qe2 a5 24. Qg4+ Kh8 25. Re2 e3 26. Qh5 Qd4 27. Rf1 Kg7
28. a4 Re4 29. g3 Rb4 30. Rc2 Rg4 31. Qh3 Bg5 32. Qg2 Qe5 33. Rd1 Rd4 34. Rxd4
Qxd4 35. Qf3 Rb7 36. Kg2 Re7 37. Re2 Re5 38. Re1 Qd2+ 39. Re2 Qd4 40. Re1 Qc3
41. Re2 Qd4 1/2-1/2

[Event "Europa ch Femenino 2013"]
[Site "Belgrado SER"]
[Date "2013.07.25"]
[Round "3.55"]
[White "Makropoulou, Marina"]
[Black "Nestorovic, Katarina"]
[Result "1-0"]
[WhiteElo "2220"]
[BlackElo "1484"]
[PlyCount "41"]
[EventDate "2013.07.23"]
[EventType "swiss"]
[EventRounds "11"]
[EventCountry "SER"]
[Source "lmi"]
[SourceDate "2013.07.22"]

1. e4 c5 2. Nf3 e6 3. d4 cxd4 4. Nxd4 Nf6 5. Nc3 d6 6. Be2 Be7 7. O-O O-O 8.
Kh1 Nc6 9. Be3 a6 10. a4 Qc7 11. f4 b6 12. Nxc6 Qxc6 13. e5 dxe5 14. fxe5 Nd5
15. Nxd5 exd5 16. c3 Bb7 17. Bd4 Bc5 18. Bd3 a5 19. Rf6 gxf6 20. Qg4+ Kh8 21.
Qf5 1-0

[Event "Europa ch Femenino 2013"]
[Site "Belgrado SER"]
[Date "2013.07.25"]
[Round "3.56"]
[White "Ivekovic, Ivana"]
[Black "Isgandarova, Khayala"]
[Result "0-1"]
[WhiteElo "1858"]
[BlackElo "2219"]
[PlyCount "72"]
[EventDate "2013.07.23"]
[EventType "swiss"]
[EventRounds "11"]
[EventCountry "SER"]
[Source "lmi"]
[SourceDate "2013.07.22"]

1. d4 Nf6 2. Nf3 g6 3. c4 Bg7 4. g3 O-O 5. Bg2 d6 6. O-O Nc6 7. d5 Na5 8. Nfd2
c5 9. Nc3 a6 10. Qc2 Rb8 11. b3 b5 12. Bb2 bxc4 13. bxc4 Ng4 14. e4 Rxb2 15.
Qxb2 Ne5 16. Rfd1 Bg4 17. f3 Nd3 18. Qc2 Bd4+ 19. Kf1 Nb4 20. Qc1 f5 21. Rb1
fxe4 22. Ncxe4 Nd3 23. Qa3 Ne5 24. Ke2 Bf5 25. Rdc1 Naxc4 26. Nxc4 Nxc4 27.
Rxc4 Bxe4 28. Rd1 Bxd5 29. Rcxd4 cxd4 30. Rxd4 Qc8 31. Qa5 e6 32. a4 Qc6 33.
Rf4 Rb8 34. Qd2 Qb6 35. Rd4 Bc4+ 36. Kf2 e5 0-1

[Event "Europa ch Femenino 2013"]
[Site "Belgrado SER"]
[Date "2013.07.25"]
[Round "3.57"]
[White "Novkovic, Julia"]
[Black "Klinova, Masha"]
[Result "1-0"]
[WhiteElo "2102"]
[BlackElo "2322"]
[PlyCount "91"]
[EventDate "2013.07.23"]
[EventType "swiss"]
[EventRounds "11"]
[EventCountry "SER"]
[Source "lmi"]
[SourceDate "2013.07.22"]

1. e4 d6 2. d4 Nf6 3. Nc3 g6 4. h3 Bg7 5. g4 O-O 6. Bg2 Na6 7. Nge2 c5 8. Be3
cxd4 9. Bxd4 Nc7 10. Qd2 Ne6 11. Be3 Qa5 12. O-O Bd7 13. Nd5 Qd8 14. f4 Nxd5
15. exd5 Nc5 16. Bd4 a5 17. Rf2 Qb6 18. b3 Qc7 19. Re1 a4 20. Bxg7 Kxg7 21. Nd4
axb3 22. axb3 Rae8 23. f5 Bc8 24. Qf4 h6 25. g5 h5 26. Rxe7 Rxe7 27. f6+ Kg8
28. fxe7 Qxe7 29. Re2 Qd8 30. Kh2 Qd7 31. Qf6 Re8 32. Rxe8+ Qxe8 33. Qxd6 Nd7
34. Qg3 Kg7 35. c4 Qd8 36. Qc3 Kg8 37. Qg3 Qb6 38. Qe3 h4 39. Qe8+ Kg7 40. Nf3
Qc7+ 41. Kh1 Nc5 42. d6 Qxd6 43. Qxc8 Qd1+ 44. Ng1 Nd3 45. Qc7 Qxb3 46. Bd5 1-0

[Event "Europa ch Femenino 2013"]
[Site "Belgrado SER"]
[Date "2013.07.25"]
[Round "3.58"]
[White "Mamedjarova, Turkan"]
[Black "Bogumil, Tatiana"]
[Result "1/2-1/2"]
[WhiteElo "2267"]
[BlackElo "2084"]
[PlyCount "86"]
[EventDate "2013.07.23"]
[EventType "swiss"]
[EventRounds "11"]
[EventCountry "SER"]
[Source "lmi"]
[SourceDate "2013.07.22"]

1. e4 e6 2. d4 d5 3. exd5 exd5 4. Bd3 g6 5. Nf3 Bg7 6. O-O Ne7 7. Bg5 O-O 8.
Nc3 c6 9. Qd2 f6 10. Bf4 Nf5 11. h3 a5 12. Rfe1 Na6 13. a3 b5 14. Re2 Nd6 15.
Rae1 Nc7 16. Re7 Rf7 17. R7e2 Bf8 18. Nh2 Nce8 19. Ng4 Bxg4 20. hxg4 Qd7 21. f3
Ng7 22. Nd1 a4 23. c3 Re8 24. Rxe8 Ndxe8 25. Kf2 Bd6 26. Bxd6 Nxd6 27. Qe3 f5
28. gxf5 Ngxf5 29. Qg5 Kg7 30. g4 h6 31. Qf4 Nh4 32. Qe5+ Kg8 33. Re3 Nc4 34.
Bxc4 bxc4 35. Ke2 Kh7 36. Qb8 Re7 37. Re5 g5 38. Ne3 Ng6 39. Rxe7+ Qxe7 40. Kd2
Nh4 41. Qg3 Qb7 42. Nd1 Qd7 43. Ke2 Ng6 1/2-1/2

[Event "Europa ch Femenino 2013"]
[Site "Belgrado SER"]
[Date "2013.07.25"]
[Round "3.59"]
[White "Abdulla, Khayala"]
[Black "Blagojevic, Tijana"]
[Result "1-0"]
[WhiteElo "2241"]
[BlackElo "2058"]
[PlyCount "119"]
[EventDate "2013.07.23"]
[EventType "swiss"]
[EventRounds "11"]
[EventCountry "SER"]
[Source "lmi"]
[SourceDate "2013.07.22"]

1. e4 e5 2. Nf3 Nc6 3. Bb5 a6 4. Ba4 Nge7 5. c3 g6 6. d4 exd4 7. cxd4 b5 8. Bb3
Bg7 9. O-O O-O 10. Nc3 Na5 11. Bc2 d6 12. d5 Nc4 13. Nd4 Bb7 14. b3 Nb6 15. Be3
c5 16. dxc6 Nxc6 17. Nxc6 Bxc6 18. Bd4 Rc8 19. Rc1 Qc7 20. Bxg7 Kxg7 21. Bb1
Qb8 22. Qd4+ Kg8 23. f4 f6 24. Nd1 d5 25. exd5 Rfd8 26. Qxf6 Bxd5 27. Rxc8 Rxc8
28. Ne3 Rc6 29. Qg5 Qa7 30. Kh1 Qf7 31. Ng4 Qe6 32. Ne5 Rc5 33. Qg3 Bb7 34. b4
Rd5 35. Be4 Rxe5 36. Bxb7 Re3 37. Qh4 Qd7 38. Bf3 Nc4 39. Qg5 Kg7 40. h4 h6 41.
Qc5 Qd6 42. Rd1 Qe7 43. Qxe7+ Rxe7 44. Kh2 Re3 45. Rd7+ Kf6 46. Ra7 Ra3 47. Bd5
g5 48. fxg5+ hxg5 49. h5 Ne5 50. Bb3 Ng4+ 51. Kg3 Nh6 52. Rh7 Nf5+ 53. Kh3 a5
54. bxa5 Rxa5 55. Kg4 Ne3+ 56. Kf3 Nf5 57. Rd7 Ra8 58. g4 Nh4+ 59. Ke4 Re8+ 60.
Kd5 1-0

[Event "Europa ch Femenino 2013"]
[Site "Belgrado SER"]
[Date "2013.07.25"]
[Round "3.60"]
[White "Kruljac, Petra"]
[Black "Eric, Jovana"]
[Result "1-0"]
[WhiteElo "2092"]
[BlackElo "2223"]
[PlyCount "127"]
[EventDate "2013.07.23"]
[EventType "swiss"]
[EventRounds "11"]
[EventCountry "SER"]
[Source "lmi"]
[SourceDate "2013.07.22"]

1. d4 d5 2. c4 c6 3. cxd5 cxd5 4. Nc3 Nf6 5. Nf3 Nc6 6. Bf4 a6 7. e3 Bf5 8. Bd3
Bxd3 9. Qxd3 e6 10. h3 Be7 11. O-O O-O 12. a3 Nd7 13. b4 Nb6 14. Nd2 Rc8 15.
Rfc1 Nc4 16. Nb3 b6 17. e4 b5 18. exd5 exd5 19. Qf3 Bf6 20. Nxd5 Bxd4 21. Nxd4
Nxd4 22. Qe4 Ne2+ 23. Qxe2 Qxd5 24. Rd1 Qf5 25. Qg4 Qf6 26. a4 h5 27. Qg3 Rfe8
28. axb5 axb5 29. Ra7 Re4 30. Bg5 Qg6 31. Rb7 Nb2 32. Rd6 Re1+ 33. Kh2 Qb1 34.
Qf3 Rf8 35. Rxf7 Ree8 36. Rdd7 Qg6 37. Rxf8+ Rxf8 38. Qd5+ Kh7 39. Be3 Nc4 40.
Bd4 Rg8 41. Qxb5 Na3 42. Qe5 Nc4 43. Qd5 Nd2 44. Bxg7 Nf1+ 45. Kg1 Rxg7 46.
Rxg7+ Kxg7 47. Qd4+ Kh7 48. Kxf1 Qb1+ 49. Ke2 Qc2+ 50. Ke3 Qc1+ 51. Qd2 Qc6 52.
Qd3+ Kh6 53. Qd4 Qc1+ 54. Kf3 Qc6+ 55. Qe4 Qb5 56. Qe3+ Kg6 57. Qe4+ Kg7 58.
Kg3 Qb6 59. Qe5+ Kg6 60. Qc5 Qf6 61. f4 h4+ 62. Kg4 Qb2 63. Qf5+ Kh6 64. Qh5+
1-0

[Event "Europa ch Femenino 2013"]
[Site "Belgrado SER"]
[Date "2013.07.25"]
[Round "3.61"]
[White "Hairapetian, Anna"]
[Black "Dizdarevic, Barbara"]
[Result "1-0"]
[WhiteElo "2214"]
[BlackElo "1981"]
[PlyCount "147"]
[EventDate "2013.07.23"]
[EventType "swiss"]
[EventRounds "11"]
[EventCountry "SER"]
[Source "lmi"]
[SourceDate "2013.07.22"]

1. d4 Nf6 2. c4 g6 3. Nc3 Bg7 4. e4 d6 5. Nf3 O-O 6. Be2 e5 7. d5 c6 8. Bg5 h6
9. Bh4 cxd5 10. cxd5 Nbd7 11. O-O Qb6 12. Nd2 g5 13. Bg3 Ne8 14. Qc2 f5 15. Nc4
Qc5 16. exf5 Nb6 17. Ne3 Bd7 18. Rac1 Rc8 19. Rfd1 Nf6 20. a3 Qa5 21. Qb1 Rc7
22. Qa1 Na4 23. Nc4 Nxc3 24. Rxc3 Qa4 25. Nb6 axb6 26. Rxc7 Bxf5 27. Qc1 Be4
28. f3 Bg6 29. Qc4 Qa5 30. Be1 Qa7 31. Bf2 Qa5 32. Qb5 Bf7 33. Qxb6 Qxb6 34.
Bxb6 Nxd5 35. Rxf7 Kxf7 36. Bc4 Rc8 37. Bxd5+ Ke7 38. Ba5 b5 39. Bc3 h5 40. Be4
Ke6 41. h3 Rd8 42. Bd5+ Ke7 43. Bb4 e4 44. fxe4 Bxb2 45. Rf1 Bd4+ 46. Kh1 Bf6
47. Rc1 Rd7 48. g4 hxg4 49. hxg4 Be5 50. Rf1 Bf4 51. Kg2 Rc7 52. Bb3 Rc6 53.
Kf3 Kf6 54. Ke2 Ke5 55. Kd3 Kf6 56. Bd5 Ra6 57. Rf2 Kg6 58. Rc2 Kf6 59. Rc7 Be5
60. Rb7 Bb2 61. Rxb5 Bxa3 62. Bxa3 Rxa3+ 63. Bb3 Ra1 64. Rf5+ Kg6 65. Bf7+ Kg7
66. Bh5 Kh6 67. Kc4 Rc1+ 68. Kd5 Rd1+ 69. Kc6 Rd4 70. Rf6+ Kg7 71. Rg6+ Kh8 72.
Re6 Kg7 73. Bg6 d5 74. Kc5 1-0

[Event "Europa ch Femenino 2013"]
[Site "Belgrado SER"]
[Date "2013.07.25"]
[Round "3.62"]
[White "Stetsko, Lanita"]
[Black "Kezele, Tamara"]
[Result "1-0"]
[WhiteElo "2209"]
[BlackElo "1994"]
[PlyCount "77"]
[EventDate "2013.07.23"]
[EventType "swiss"]
[EventRounds "11"]
[EventCountry "SER"]
[Source "lmi"]
[SourceDate "2013.07.22"]

1. e4 e6 2. d4 d5 3. e5 c5 4. c3 Nc6 5. Nf3 Bd7 6. a3 Nge7 7. Bd3 cxd4 8. cxd4
Ng6 9. b4 a6 10. O-O Be7 11. Be3 f5 12. exf6 gxf6 13. Nc3 b5 14. Bh6 Bf8 15.
Qd2 Kf7 16. Rac1 Bxh6 17. Qxh6 Qf8 18. Qh5 Qd6 19. Ne2 Rag8 20. Rc5 Ke7 21. Re1
Kd8 22. g3 Nf4 23. Nxf4 Qxf4 24. Kf1 Qg4 25. Qxg4 Rxg4 26. Rxc6 Bxc6 27. Rxe6
Bd7 28. Rxf6 Re8 29. Rd6 Rg7 30. Ne5 Kc7 31. Rxa6 Bh3+ 32. Ke2 Kb7 33. Ra5 Bd7
34. Bxb5 Kb6 35. Bxd7 Rxd7 36. a4 Rd6 37. f4 Rh6 38. h4 Rd6 39. g4 1-0

[Event "Europa ch Femenino 2013"]
[Site "Belgrado SER"]
[Date "2013.07.25"]
[Round "3.63"]
[White "Srebrnic, Ana"]
[Black "Jacimovic, Sara"]
[Result "0-1"]
[WhiteElo "2203"]
[BlackElo "1971"]
[PlyCount "72"]
[EventDate "2013.07.23"]
[EventType "swiss"]
[EventRounds "11"]
[EventCountry "SER"]
[Source "lmi"]
[SourceDate "2013.07.22"]

1. d4 Nf6 2. c4 g6 3. g3 Bg7 4. Bg2 O-O 5. Nc3 d6 6. e4 e5 7. d5 Ne8 8. Nge2 f5
9. exf5 gxf5 10. O-O Qf6 11. f4 Qg6 12. Kh1 Nd7 13. Ng1 a6 14. Nf3 e4 15. Nd4
Nc5 16. Be3 Qh6 17. Qe2 Nf6 18. Rad1 Re8 19. Rd2 Nd3 20. Bg1 Bd7 21. h3 Nh5 22.
Kh2 Qg6 23. Rxd3 exd3 24. Qxd3 Re7 25. Bf2 Rae8 26. Ne6 Bxe6 27. dxe6 c6 28.
Qxd6 Rxe6 29. Qd1 Rd6 30. Qb3 Rd7 31. Bf3 Rd2 32. c5+ Kh8 33. Bxh5 Qxh5 34. Nb1
Rxb2 35. Qd3 Qe2 36. Qd7 Rxb1 0-1

[Event "Europa ch Femenino 2013"]
[Site "Belgrado SER"]
[Date "2013.07.25"]
[Round "3.64"]
[White "Djukic, Sandra"]
[Black "Injac, Teodora"]
[Result "1/2-1/2"]
[WhiteElo "2197"]
[BlackElo "1713"]
[PlyCount "74"]
[EventDate "2013.07.23"]
[EventType "swiss"]
[EventRounds "11"]
[EventCountry "SER"]
[Source "lmi"]
[SourceDate "2013.07.22"]

1. c4 g6 2. Nc3 Bg7 3. d4 Nf6 4. e4 d6 5. Be2 O-O 6. Bg5 c5 7. d5 e6 8. Qd2
exd5 9. exd5 Re8 10. Nf3 Bf5 11. O-O Na6 12. Nh4 Bc8 13. Rfe1 Nc7 14. h3 a6 15.
a4 b5 16. cxb5 axb5 17. Bxb5 Rxe1+ 18. Rxe1 Nxb5 19. axb5 Bb7 20. Nf3 Qd7 21.
Qd3 Re8 22. Ra1 Ra8 23. Rxa8+ Bxa8 24. b6 Qb7 25. Qb5 h6 26. Bxf6 Bxf6 27. Ne4
Be7 28. Ned2 Kg7 29. Nc4 Qxd5 30. Na5 Qd1+ 31. Qf1 Qd5 32. Qb5 Qd1+ 33. Qf1 Qd5
34. Qa6 Qd1+ 35. Qf1 Qd5 36. Qa6 Qd1+ 37. Qf1 Qd5 1/2-1/2

[Event "Europa ch Femenino 2013"]
[Site "Belgrado SER"]
[Date "2013.07.25"]
[Round "3.65"]
[White "Visanescu, Daria-Ioana"]
[Black "Shulakova, Svetlana"]
[Result "1/2-1/2"]
[WhiteElo "2061"]
[BlackElo "2194"]
[PlyCount "84"]
[EventDate "2013.07.23"]
[EventType "swiss"]
[EventRounds "11"]
[EventCountry "SER"]
[Source "lmi"]
[SourceDate "2013.07.22"]

1. e4 c5 2. c3 d5 3. exd5 Qxd5 4. d4 Nc6 5. Nf3 Bg4 6. dxc5 Qxd1+ 7. Kxd1 e5 8.
b4 Nf6 9. Kc2 O-O-O 10. Bb5 Bxf3 11. gxf3 Nd5 12. Na3 Be7 13. Rg1 g6 14. Be3
Rd7 15. Nc4 f6 16. Ba4 a6 17. Bb3 Rhd8 18. a4 Kb8 19. b5 Nxe3+ 20. fxe3 Na7 21.
bxa6 bxa6 22. a5 Bxc5 23. Ba4 Rb7 24. Rgb1 Kc7 25. Rxb7+ Kxb7 26. Rb1+ Kc7 27.
e4 Nc6 28. Nb6 Nxa5 29. Nd5+ Kc8 30. Nb6+ Kc7 31. Nd5+ Kc8 32. Nb6+ Kc7 33.
Nd5+ Kc8 34. Nb6+ Kc7 35. Nd5+ Kc8 36. Nb6+ Kc7 37. Nd5+ Kc8 38. Nb6+ Kc7 39.
Nd5+ Kc8 40. Nb6+ Kc7 41. Nd5+ Kc8 42. Nb6+ Kc7 1/2-1/2

[Event "Europa ch Femenino 2013"]
[Site "Belgrado SER"]
[Date "2013.07.25"]
[Round "3.66"]
[White "Makka, Ioulia"]
[Black "Milanovic, Maja"]
[Result "0-1"]
[WhiteElo "2171"]
[BlackElo "1969"]
[PlyCount "160"]
[EventDate "2013.07.23"]
[EventType "swiss"]
[EventRounds "11"]
[EventCountry "SER"]
[Source "lmi"]
[SourceDate "2013.07.22"]

1. e4 c5 2. Nf3 e6 3. d4 cxd4 4. Nxd4 a6 5. Bd3 Qc7 6. Qe2 d6 7. c4 Nf6 8. Nc3
g6 9. O-O Bg7 10. Be3 O-O 11. Rac1 b6 12. f3 Bb7 13. b4 Nbd7 14. Na4 Ne5 15.
Bb1 Nfd7 16. Nb3 Rac8 17. Nb2 Qb8 18. Rfd1 Rfd8 19. a3 Ba8 20. Qf2 Nc6 21. b5
axb5 22. cxb5 Nce5 23. Nd4 Nc5 24. Qe2 Qa7 25. Rc3 Na4 26. Nxa4 Qxa4 27. Bc2
Qa7 28. Rxc8 Rxc8 29. a4 d5 30. exd5 Bxd5 31. Qf2 Nd7 32. Qd2 Nc5 33. Qb4 Bf8
34. Qd2 Bg7 35. Rb1 Qc7 36. Bd1 Ra8 37. Rb4 Be5 38. h3 Bh2+ 39. Kh1 Bd6 40. Qc3
Be5 41. Qc1 Qd6 42. Rb1 Ba2 43. Ra1 Bxd4 44. Bxd4 Qxd4 45. Rxa2 Rd8 46. Bc2 Qc4
47. Ra1 Qe2 48. Be4 Rd2 49. Qg1 Nxa4 50. Bc6 Nc3 51. Re1 Qxe1 52. Qxe1 Rd1 53.
Qxd1 Nxd1 54. Kg1 Kf8 55. Kf1 Ke7 56. Ke2 Nc3+ 57. Kd3 Nd5 58. Ke4 Kd6 59. g3
f5+ 60. Kd4 e5+ 61. Kc4 Nf6 62. h4 Nh5 63. g4 fxg4 64. fxg4 Ng3 65. Kd3 Kc5 66.
Ke3 Nf1+ 67. Ke2 Nh2 68. Bd7 Kd4 69. g5 e4 70. Be6 Nf3 71. Bg8 Nxh4 72. Bxh7
Ng2 73. Kf2 Nf4 74. Kg3 e3 75. Kf3 e2 76. Kxf4 e1=Q 77. Bxg6 Qh4+ 78. Kf5 Qe4+
79. Kf6 Qe5+ 80. Kf7 Qxg5 0-1

[Event "Europa ch Femenino 2013"]
[Site "Belgrado SER"]
[Date "2013.07.25"]
[Round "3.67"]
[White "Azimova, Karina"]
[Black "Gavasheli, Ana"]
[Result "1/2-1/2"]
[WhiteElo "2037"]
[BlackElo "2170"]
[PlyCount "93"]
[EventDate "2013.07.23"]
[EventType "swiss"]
[EventRounds "11"]
[EventCountry "SER"]
[Source "lmi"]
[SourceDate "2013.07.22"]

1. e4 c6 2. d4 d5 3. exd5 cxd5 4. Bd3 Nc6 5. c3 Nf6 6. h3 g6 7. Nf3 Bg7 8. Bf4
Bf5 9. O-O Bxd3 10. Qxd3 O-O 11. Nbd2 e6 12. Ne5 Nd7 13. Nxd7 Qxd7 14. Nb3 b6
15. Rfe1 Rac8 16. a4 f6 17. a5 e5 18. dxe5 fxe5 19. Bg3 Qf7 20. axb6 axb6 21.
Qb5 e4 22. Qxb6 Be5 23. Bxe5 Nxe5 24. Ra7 Rb8 25. Rxf7 Rxb6 26. Rxf8+ Kxf8 27.
Nc5 Rxb2 28. f3 Nd3 29. Nxd3 exd3 30. Rd1 d2 31. Kf2 Rc2 32. Ke2 Rxc3 33. Rxd2
Rc5 34. Ke3 Ke7 35. Ra2 Kd6 36. Ra6+ Rc6 37. Ra2 Rc3+ 38. Kd4 Rc4+ 39. Ke3 Ke5
40. Ra7 d4+ 41. Kd2 Rb4 42. Rxh7 Rb2+ 43. Kd3 Rxg2 44. Re7+ Kf6 45. Ke4 Rg3 46.
Kxd4 Rxf3 47. h4 1/2-1/2

[Event "Europa ch Femenino 2013"]
[Site "Belgrado SER"]
[Date "2013.07.25"]
[Round "3.68"]
[White "Oliveira, Maria Ines"]
[Black "Batyte, Daiva"]
[Result "0-1"]
[WhiteElo "1978"]
[BlackElo "2161"]
[PlyCount "132"]
[EventDate "2013.07.23"]
[EventType "swiss"]
[EventRounds "11"]
[EventCountry "SER"]
[Source "lmi"]
[SourceDate "2013.07.22"]

1. e4 e6 2. d4 b6 3. Nf3 Bb7 4. Bd3 Be7 5. Qe2 c5 6. c3 Nf6 7. O-O c4 8. Bc2 d5
9. exd5 Qxd5 10. Nbd2 b5 11. b3 cxb3 12. Bxb3 Qc6 13. c4 bxc4 14. Nxc4 O-O 15.
Re1 a5 16. Nce5 Qd6 17. a4 Bd5 18. Bxd5 Nxd5 19. Ba3 Qd8 20. Qb5 Bxa3 21. Rxa3
Ra6 22. Rc1 f6 23. Nd3 Qd6 24. Nc5 Nc7 25. Qe2 Rc6 26. Rac3 Nd5 27. R3c2 Nb4
28. Rc4 Rfc8 29. Nb7 Qd5 30. Rc5 Rxc5 31. Rxc5 Rxc5 32. Nxc5 Kf7 33. Qb5 N8c6
34. Qb7+ Kg6 35. Qa8 Kh6 36. h3 e5 37. Nh2 exd4 38. Ng4+ Kg6 39. Qe8+ Qf7 40.
Qe4+ f5 41. Ne5+ Nxe5 42. Qxe5 Qd5 43. Qg3+ Kf6 44. Qc7 d3 45. Nd7+ Kg6 46.
Ne5+ Kh6 47. Nf7+ Kh5 48. g4+ fxg4 49. hxg4+ Kxg4 50. Qg3+ Kf5 51. Qh3+ Kf6 52.
Nh8 d2 53. Qc3+ Ke6 54. Qh3+ Kd6 55. Qg3+ Kc6 56. Qc3+ Kb6 57. Qe3+ Ka6 58.
Qe2+ Kb7 59. Qe7+ Kc6 60. Qe8+ Kc5 61. Qe7+ Kc4 62. Qe2+ Kc3 63. Qe3+ Nd3 64.
Qe2 Qg5+ 65. Kf1 Qg2+ 66. Kxg2 Nf4+ 0-1

[Event "Europa ch Femenino 2013"]
[Site "Belgrado SER"]
[Date "2013.07.25"]
[Round "3.69"]
[White "Kaplan, Ebru"]
[Black "Vega Gutierrez, Belinda"]
[Result "1/2-1/2"]
[WhiteElo "1885"]
[BlackElo "2148"]
[PlyCount "94"]
[EventDate "2013.07.23"]
[EventType "swiss"]
[EventRounds "11"]
[EventCountry "SER"]
[Source "lmi"]
[SourceDate "2013.07.22"]

1. e4 e5 2. Nf3 Nc6 3. Bb5 Nf6 4. O-O Nxe4 5. Re1 Nd6 6. Nxe5 Nxe5 7. Rxe5+ Be7
8. Ba4 O-O 9. c3 Bf6 10. Re1 Re8 11. d4 Rxe1+ 12. Qxe1 b5 13. Bc2 Bb7 14. Bf4
Qf8 15. Nd2 Re8 16. Qf1 a6 17. Re1 g6 18. Nb3 Nc4 19. Nc5 Bc8 20. b3 Nd6 21. h3
Bg7 22. Nd3 Rxe1 23. Qxe1 Ne8 24. Kh2 d6 25. Bg5 Nf6 26. c4 bxc4 27. bxc4 Be6
28. d5 Bf5 29. Nb4 Bxc2 30. Nxc2 h6 31. Bxf6 Bxf6 32. Nb4 Qb8 33. g3 Qb6 34.
Kg2 Kg7 35. Nc6 Qc5 36. Qe2 a5 37. Qc2 Qa3 38. Qb3 Qc1 39. Nxa5 Bd4 40. Nc6 Bb6
41. Nb4 Qd2 42. Nd3 Kg8 43. a4 h5 44. h4 Kf8 45. Kf1 Kg8 46. Kg2 Kf8 47. Kf1
Kg8 1/2-1/2